000
00297nam a22001337a 4500
008
171023b xxu||||| |||| 00| 0 eng d
020
_a
9780071772440
041
_a
eng
080
_a
301.151
100
_a
54
101
_a
LID
245
_a
THE WELL-BALANCED LEADER
_c
ROBERTS,R
942
_2
udc
_c
BK
999
_c
35363
_d
35363